Statistiques concernant Les 10 mangas les plus vendus au Japon en 2023

Cliquez ici pour prendre le quiz!

Statistiques générales

  • Ce quiz a été pris 217 fois
  • Le résultat moyen est 4 sur 10

Statistiques - réponses

Nombre de tomes vendusNom du manga% Correct
37 197 532One Piece
98%
28 541 411Jujutsu Kaisen
75%
83 528 423My Hero Academia
55%
110 527 146Blue Lock
46%
74 326 425Spy x Family
35%
93 218 117Tokyo Revengers
32%
55 348 618Chainsaw Man
28%
103 207 691Kingdom
17%
45 413 091Oshi no Ko
12%
64 968 484Slam Dunk
9%

Distribution des résultats

Percentile par nombre de réponses

% des personnes avec chaque résultat

Votre développement - résultats

Vous n’avez pas pris ce quiz